000 00606nam a2200229 i 4500
001 C2-0202538
003 PPAK
005 20180728100957.0
008 990221s1973 io |||| ||||| | may d
040 _aPPAK
_beng
_cPPAK
_erda
082 0 4 _a899.221
_2 23
090 0 0 _a899.221
_bPAN
_dKSA
100 1 _aPane, Armijn,
_eauthor
245 1 0 _aBelenggu
264 1 _aJakarta, Indonesia :
_bP.T. Dian Rakyat ,
_c1973
300 _a164 pages ;
_c20 cm
336 _2rdacontent
_atext
337 _2rdamedia
_aunmediated
338 _2rdacarrier
_avolume
650 1 0 _aIndonesian fiction
942 _ddc
_cB
999 _c157230
_d157230